Environmental solutions: for the pulp and paper industry
Guardat en:
| Autor principal: | |
|---|---|
| Format: | Llibre |
| Idioma: | anglès |
| Publicat: |
San Francisco
Miller Freeman
1991
|
| Col·lecció: | Pupl and paper focus books
|
| Matèries: | |
| Etiquetes: |
Afegir etiqueta
Sense etiquetes, Sigues el primer a etiquetar aquest registre!
|
MARC
| LEADER | 00000nam a2200000 a 4500 | ||
|---|---|---|---|
| 001 | UCW2167 | ||
| 003 | CL-VaPUC | ||
| 008 | 920630e19910000US |||||||||||||||||eng|d | ||
| 082 | 0 | 4 | |a 676.042 |b FER |2 21 |
| 100 | 0 | |a Ferguson, Kelly |e author |9 306122 | |
| 245 | 1 | 0 | |a Environmental solutions: for the pulp and paper industry |
| 300 | |a 196 p | ||
| 942 | |c BK | ||
| 945 | |d 19920630 00:00:00 | ||
| 260 | |a San Francisco |b Miller Freeman |c 1991 | ||
| 650 | 7 | |a INDUSTRIA PAPELERA ASPECTOS AMBIENTALES |2 CL-VaPUC |9 271859 | |
| 650 | 7 | |a PULPA DE MADERA INDUSTRIA |2 CL-VaPUC |9 306123 | |
| 583 | |a last modification |c 19920630 00:00:00 |k Rodrigo Vera | ||
| 490 | 0 | |a Pupl and paper focus books | |
| 999 | |c 216778 |d 216776 | ||
| 952 | |0 0 |1 0 |4 0 |6 676_042000000000000_FER_1991 |7 0 |8 P |9 202972 |a BIBMEC |b BIBMEC |d 2019-11-14 |i 2702495 |o 676.042 FER 1991 |p 2702495 |r 2019-11-14 |w 2019-11-14 |y BK |k MEC | ||